Obras completas. (Record no. 180321)
[ view plain ]
| 000 -LEADER | |
|---|---|
| campo de control de longitud fija | 00954nam a2200241 i 4500 |
| 001 - NÚMERO DE CONTROL | |
| campo de control | 180321 |
| 003 - IDENTIFICADOR DE NÚMERO DE CONTROL | |
| campo de control | ES-MaACL |
| 005 - FECHA Y HORA DE LA ÚLTIMA TRANSACCIÓN | |
| campo de control | 20230906221048.0 |
| 008 - DATOS DE LONGITUD FIJA--INFORMACIÓN GENERAL | |
| campo de control de longitud fija | 120528s1997 sp | |||| ||spa d |
| 020 ## - NÚMERO INTERNACIONAL ESTÁNDAR DEL LIBRO | |
| Número Internacional Estándar del Libro | 84-89794-07-3 v. 1 |
| 080 ## - NÚMERO DE LA CLASIFICACIÓN DECIMAL UNIVERSAL | |
| Número de la Clasificación Decimal Universal | 821.134.2-2"16" |
| 100 1# - ENTRADA PRINCIPAL--NOMBRE DE PERSONA | |
| Nombre de persona | Castro, Guillén de. |
| 9 (RLIN) | 36858 |
| 245 10 - MENCIÓN DEL TÍTULO | |
| Título | Obras completas. |
| Número de parte o sección de la obra | I / |
| Mención de responsabilidad, etc. | Guillén de Castro ; [edición y prólogo de Joan Oleza]. |
| 260 ## - PUBLICACIÓN, DISTRIBUCIÓN, ETC. | |
| Lugar de publicación, distribución, etc. | Madrid : |
| Nombre del editor, distribuidor, etc. | Fundación José Antonio de Castro, |
| Fecha de publicación, distribución, etc. | 1997. |
| 300 ## - DESCRIPCIÓN FÍSICA | |
| Extensión | XXXV, 1068 p. ; |
| Dimensiones | 23 cm. |
| 490 1# - MENCIÓN DE SERIE | |
| Mención de serie | Biblioteca Castro |
| 500 #0 - NOTA GENERAL | |
| Nota general | En 5 v. |
| 505 8# - NOTA DE CONTENIDO CON FORMATO | |
| Nota de contenido con formato | Contiene: El amor constante. El caballero bobo. El desengaño dichoso. El nacimiento de Montesinos. El conde de Alarcos. La humildad soberbia. Los malcasados de Valencia. El conde de Irlos. El curioso impertinente. Don Quijote de la Mancha |
| 700 1# - ENTRADA AGREGADA--NOMBRE PERSONAL | |
| Nombre de persona | Oleza, Joan. |
| 9 (RLIN) | 150143 |
| 830 0# - PUNTO DE ACCESO ADICIONAL DE SERIE-TÍTULO UNIFORME | |
| Título uniforme | Biblioteca Castro |
| 9 (RLIN) | 178957 |
| 852 ## - LOCALIZACIÓN | |
| Ubicación | ES-MaACL |
| Número de control de estantería | L-29901 |
| Estatus retirado | Estado de pérdida | Estado de daño | No para préstamo | Biblioteca de origen | Biblioteca actual | Ubicación en estantería | Fecha de adquisición | Fuente de adquisición | Total de préstamos | Signatura topográfica completa | Código de barras | Visto por última vez | Precio de reemplazo | Tipo de ítem Koha |
|---|---|---|---|---|---|---|---|---|---|---|---|---|---|---|
| Biblioteca del Ateneo de Madrid | Biblioteca del Ateneo de Madrid | Depósito 2 | 28/05/2012 | L-29901 | 1189476 | 23/02/2023 | 23/02/2023 | Libro impreso |
